01001naa a2200157 i 45000010005000000030009000050050017000140080039000310400021000701000134000912450117002256500025003427730448003679420013008159990015008288965KOSZ 00520180312160417.0150319s2000 pl f |100 0 pol cBPKdKOSZ 005/EG1 aWERNO, Maciej.d1998 - 2004.bPolitechnika Koszalińska - Wydział Budownictwa i Inżynierii Środowiska,cKatedra Geotechniki10aCliff Reconstruction at Jastrzębia Góra /cMaciek Werno, Marek Inerowicz, Bożena Juszkiewicz - Bednarczyk. 0aMechanika gruntów.0 iW :tLandslide hazard, protective measures mitigation, engineering problems triggering mechanisms : Xth International Conference and Fieldtrip on Landslides - ICFL, Polish Lowlands - Carpathians - Baltic Coast / [eds. Justyna Ciesielczuk, Stanisław Ostaficzuk]. -dKraków : Polish Academy of Sciences. Mineral and Energy Economy Research Institute ; Sosnowiec : Faculty of Earth Sciences University of Silesia, 2002. -gs. 72-78z8387431443 cROZ2UKD c8965d8965